Johnny Depp - All Movies - Statistics

General Stats
  • This quiz has been taken 41 times
  • The average score is 18 of 61
Answer Stats
Year Movie % Correct
2006 Pirates of the Caribbean: Dead Man's Chest
88%
2007 Pirates of the Caribbean: At World's End
84%
2003 Pirates of the Caribbean: The Curse of the Black Pearl
84%
2005 Charlie and the Chocolate Factory
80%
2011 Pirates of the Caribbean: On Stranger Tides
80%
2017 Pirates of the Caribbean: Salazar's Revenge
80%
1990 Edward Scissorhands
76%
2011 Rango
76%
2010 Alice in Wonderland
64%
2005 Corpse Bride
60%
2007 Sweeney Todd: The Demon Barber of Fleet Street
60%
1984 A Nightmare on Elm Street
52%
1993 What's Eating Gilbert Grape
52%
1999 Sleepy Hollow
48%
2012 Dark Shadows
44%
2013 The Lone Ranger
44%
1990 Cry-Baby
40%
1997 Donnie Brasco
40%
2000 Chocolat
36%
2016 Alice Through the Looking Glass
32%
2015 Black Mass
32%
2016 Fantastic Beasts and Where to Find Them
32%
1995 Dead Man
28%
1994 Ed Wood
28%
2018 Fantastic Beasts: The Crimes of Grindelwald
28%
1986 Platoon
28%
2010 The Tourist
28%
2001 Blow
24%
1998 Fear and Loathing in Las Vegas
24%
2004 Finding Neverland
24%
1993 Benny & Joon
20%
2001 From Hell
20%
2014 Into The Woods
20%
2004 Secret Window
20%
2014 Transcendence
20%
2015 Mortdecai
16%
2017 Murder on the Orient Express
16%
1995 Nick of Time
12%
2009 Public Enemies
12%
1999 The Ninth Gate
12%
2014 Tusk
12%
2016 Yoga Hosers
12%
1993 Arizona Dream
8%
2018 City of Lies
8%
1994 Don Juan DeMarco
8%
1985 Private Resort
8%
1997 The Brave
8%
2004 The Libertine
8%
2018 Gnomeo & Juliet 2
4%
2004 Happily Ever After
4%
2023 Jeanne du Barry
4%
2024 Johnny Puff: Secret Mission
4%
2013 Lucky Them
4%
2020 Minamata
4%
1999 The Astronaut's Wife
4%
2000 The Man Who Cried
4%
2018 The Professor
4%
2011 The Rum Diary
4%
2003 One Upon a Time in Mexico
0%
2009 The Imaginarium of Doctor Parnassus
0%
2019 Waiting for the Barbarians
0%
No matching quizzes found
Score Distribution
Percent of People with Each Score
Percentile by Number Answered
Your Score History
You have not taken this quiz